| 000 | 00898nas a2200301 4500 | ||
|---|---|---|---|
| 001 | BR2015005158 | ||
| 003 | BR-BrBNA | ||
| 005 | 20231205125721.0 | ||
| 007 | ta | ||
| 008 | 230509b bl.|||p| |||| 00| 00por d | ||
| 040 |
_aBR-BrBNA _bpor _cBiblioteca Nacional de Agricultura |
||
| 041 | _a(Pt) | ||
| 072 | _aP06 | ||
| 100 | 1 | _aMasson, I. dos S. | |
| 100 | 1 | _aCosta, G.H.G. | |
| 100 | 1 | _aRoviero, J.P. | |
| 100 | 1 | _aFreita, L.A. de | |
| 100 | 1 | _aMutton, M.A. | |
| 100 | 1 | _aMutton, M.J.R. | |
| 245 | 1 | _aProdução de bioetanol a partir da fermentação de caldo de sorgo sacarino e cana-de-açúcar | |
| 650 | _aCANA DE AÇÚCAR | ||
| 650 | _aSORGO AÇUCAREIRO | ||
| 650 | _aENERGIA | ||
| 650 | _aETANOL | ||
| 773 | 0 |
_tCiência Rural (Brazil) _xISSN 0103-8478 _g(Sep 2015), v. 45(9) p. 1695-1700 _wBR2015005158 |
|
| 909 |
_a202311 _bLúcia _c55 _dLúcia Elande |
||
| 942 |
_2AGRIS _n0 _cANA |
||
| 999 |
_c245742 _d245742 |
||